000 00903cam a22002893a 4500
001 16388730
003 OSt
005 20140310181651.0
008 980120s1997 xxu 000 1 eng
010 _a 97818220
020 _a0671550748
035 _a(DLC) 97818220
040 _aDLC
_cDLC
_dDLC
050 0 0 _aPZ 7
_b.P636 1997
082 _aKF
_bP63t 1997
100 1 _aPike, Christopher,
_d1955-
_94504
245 1 0 _aChristopher Pike's Tales of Terror :
_bNo. 1 /
_cChristopher Pike.
260 _aNew York :
_bPocket Books,
_c1997.
300 _a196 p.
_b17 cm.
541 _j1
562 _efor circulation. 1 copy available in the collection
655 7 _aChildren's stories.
_2lcsh
_93012
710 2 _aCopyright Paperback Collection (Library of Congress)
_5DLC
_9705
906 _a7
_bcbc
_corignew
_d2
_encip
_f19
_gy-genrareb
942 _2lcc
_cBK-KF
_kKF
999 _c1004
_d1004